Understanding Voltammetry: Simulation of Electrode Processes

Dades bibliogràfiques
Autor principal: Compton R. G. Richard
Altres autors: Laborda E. Eduardo, Ward K. R. Kristopher
Sumari:This is the first textbook in the field of electrochemistry that will teach experimental electrochemists how to carry out simulation of electrode processes. Processes at both macro- and microelectrodes are examined and the simulation of both diffusion-only and diffusion-convection processes are addressed. The simulation of processes with coupled homogeneous kinetics and at microelectrode arrays are further discussed. Over the course of the book the reader's understanding is developed to the point where they will be able to undertake and solve research-level problems. The book leads the reader through from a basic understanding of the principles underlying electrochemical simulation to the development of computer programs which describe the complex processes found in vol tarn metry.
Idioma:anglès
Publicat: London, Imperial College Press, 2014
Matèries:
Format: MixedMaterials Llibre
KOHA link:https://koha.lib.tpu.ru/cgi-bin/koha/opac-detail.pl?biblionumber=264779

MARC

LEADER 00000nam0a2200000 4500
001 264779
005 20231101233849.0
010 |a 9781783263233 
035 |a (RuTPU)RU\TPU\book\287776 
090 |a 264779 
100 |a 20140623d2014 k y0engy50 ba 
101 0 |a eng 
102 |a GB 
105 |a a z 001zy 
200 1 |a Understanding Voltammetry: Simulation of Electrode Processes  |f R. G. Compton, E. Laborda, K. R. Ward 
210 |a London  |c Imperial College Press  |d 2014 
215 |a 249 p.  |c il. 
320 |a Index: p. 247-249. 
330 |a This is the first textbook in the field of electrochemistry that will teach experimental electrochemists how to carry out simulation of electrode processes. Processes at both macro- and microelectrodes are examined and the simulation of both diffusion-only and diffusion-convection processes are addressed. The simulation of processes with coupled homogeneous kinetics and at microelectrode arrays are further discussed. Over the course of the book the reader's understanding is developed to the point where they will be able to undertake and solve research-level problems. The book leads the reader through from a basic understanding of the principles underlying electrochemical simulation to the development of computer programs which describe the complex processes found in vol tarn metry. 
606 1 |a Электродные процессы  |2 stltpush  |3 (RuTPU)RU\TPU\subj\70840 
606 1 |a Вольтамперометрия  |2 stltpush  |3 (RuTPU)RU\TPU\subj\3652  |9 32036 
610 1 |a аналитическая химия 
610 1 |a вольт-амперные характеристики 
610 1 |a вольтамперограммы 
610 1 |a вольтамперометрические исследования 
610 1 |a вольтамперометрический анализ 
610 1 |a английский язык 
675 |a 543.552  |v 3 
675 |a 544.65  |v 3 
700 1 |a Compton  |b R. G.  |g Richard 
701 1 |a Laborda  |b E.  |g Eduardo 
701 1 |a Ward  |b K. R.  |g Kristopher 
801 1 |a RU  |b 63413507  |c 20140623 
801 2 |a RU  |b 63413507  |c 20150728  |g RCR 
942 |c BK 
959 |a 109/20140623  |d 5  |e 0  |f ЧЗИЛ:1  |f АНЛ:1  |f УФ:3